00548 2200205 4500001002100000005001700021008004100038020002200079035002900101040001200130082001400142084001400156100002000170245002200190260004500212300003600257500002300293650001600316990001000332INLIS00000000000293220140217100121.0  a978-979-23-0043-7 a##a0010-021400000000813 aJIPDBWI 2[21]a813 a813 TIM m aTim Pustaka Ola aMenanti Kata-kata aJakartabPT Penerbitan Sarana Boboc2007 a144 hlm,;bIlus .;c13 x 20 cm. aKumpulan Cerpen... aKarya Fiksi a19541